000 00391 a2200145 4500
999 _c321319
_d321319
001 86246
003 NUST
005 20180122101421.0
008 180122b xxu||||| |||| 00| 0 eng d
020 _a9780195475784
082 _a954.91 JAL
100 _aAyesha Jalal
_99441
245 _aThe Oxford Companion to Pakistani History
_cAyesha Jalal
260 _aKarachi
_bOxford Ubiversity Press
_c2012.
300 _axvi 556p.
500 _aGeneral Collection
942 _aCAE NUST
_cBK
_k954.91 JAL
_2ddc